Os pilares da Terra - (Record no. 243)

MARC details
000 -LÍDER
campo de controle de tamanho fixo 02503nam a2200325 4500
001 - NÚMERO DE CONTROLE
campo de controle 243
003 - IDENTIFICADOR DO NÚMERO DE CONTROLE
campo de controle OSt
005 - DATA E HORÁRIO DA ÚLTIMA TRANSAÇÃO
campo de controle 20250528074016.0
008 - CAMPO DE DADOS FIXOS--INFORMAÇÃO GERAL
campo de controle de tamanho fixo 250206b |||||||e |||| 00| 1 eng d
020 ## - ISBN - INTERNATIONAL STANDARD BOOK NUMBER
ISBN - International Standard Book Number 9788532500762
040 ## - FONTE DA CATALOGAÇÃO
Idioma da catalogação por
041 ## - CÓDIGO DE IDIOMA
Código do idioma do original e/ou traduções intermediárias do texto eng
Código do idioma do texto/trilha sonora ou título diferente por
082 ## - CDD - CLASSIFICAÇÃO DECIMAL DE DEWEY
Número de Classificação 823
Número do exemplar F667p
100 1# - ENTRADA PRINCIPAL--NOME PESSOAL
Nome pessoal Follett, Ken,
Datas associadas ao nome 1949-
9 (RLIN) 453
240 ## - TÍTULO UNIFORME
Título uniforme The pillars of the Earth
245 ## - TÍTULO
Título Os pilares da Terra -
Restante do título Volume II /
Indicação de responsabilidade, etc. Follett, Ken ; Tradução de Paulo Azevedo
260 ## - PUBLICAÇÃO, DISTRIBUIÇÃO, ETC.
Local de publicação, distribuição, etc. Rio de Janeiro
Nome do editor, distribuidor, etc. Rocco
Data da publicação, distribuição, etc. 1992
300 ## - DESCRIÇÃO FÍSICA
Extensão 607 p.
520 ## - NOTA DE RESUMO, ETC.
Resumo, etc. Ken Follett, mestre do suspense e da ação, não poderia ter escolhido tema mais inusitado na sua trajetória literária, pautada por romances de espionagem: a construção de uma catedral gótica na Inglaterra do século XII. Impondo o seu ritmo ágil a uma história que recria uma época marcada pelo poder da Igreja e dos cavaleiros, e pela arquitetura como máxima expressão artística, Follett escreve um romance que segue, inclusive estruturalmente, o levantamento do chão da uma obra-prima de pedra e delicados ornamentos.<br/><br/>No segundo volume o fio condutor da narrativa passa a ser Jack Shareburg, o filho de Ellen com trovador injustamente condenado à morte na forca. Criado por Tom, Jack vê impelido a correr o mundo pela impossibilidade de se casar com Aliena, noiva de seu irmão, e pela incapacidade de se adaptar ao noviciado. Decidido a fazer o Caminho de Santiago de Compostela, ele entra em contato, no percurso, com a cultura sarracena e vai a Paris a tempo de ver construída a catedral de Saint-Denis. É ali que reencontra Aliena e o filho, e decide voltar à Inglaterra, para cumprir o que julga ser sua missão: levar as conquistas do gótico francês, a mistura de solidez e leveza, para a reconstrução da catedral de Kingsbridge.<br/><br/>As tramas paralelas, desenvolvidas por Follett no primeiro volume, ganham na segunda parte fôlego surpreendente. Movimentos camponeses, conspirações, procissões improvisadas, tudo reflete a agitação do final do século e a mudança galopante das feições da Inglaterra feudal. Os mistérios propostos no início do romance são desvendados, as peças do quebra-cabeças encaixam-se.<br/>
650 #0 - ASSUNTO--TERMO TÓPICO
Cabeçalho tópico ou nome geográfico Literatura Inglesa
9 (RLIN) 89
650 #0 - ASSUNTO--TERMO TÓPICO
Cabeçalho tópico ou nome geográfico Histórico
9 (RLIN) 53
650 #0 - ASSUNTO--TERMO TÓPICO
Cabeçalho tópico ou nome geográfico Medieval
9 (RLIN) 170
650 #0 - ASSUNTO--TERMO TÓPICO
Cabeçalho tópico ou nome geográfico Religião
9 (RLIN) 100
650 #0 - ASSUNTO--TERMO TÓPICO
Cabeçalho tópico ou nome geográfico Clássicos
9 (RLIN) 77
650 #0 - ASSUNTO--TERMO TÓPICO
Cabeçalho tópico ou nome geográfico Filme
9 (RLIN) 26
655 #0 - TERMO DE ÍNDICE--GÊNERO E FORMA
Gênero/forma/ou termo foco Romance
655 #0 - TERMO DE ÍNDICE--GÊNERO E FORMA
Gênero/forma/ou termo foco Ficção
700 ## - ENTRADA ADICIONADA - NOME PESSOAL
Nome pessoal Paulo Azevedo
Função do autor por extenso Tradutor
9 (RLIN) 451
942 ## - ELEMENTOS DE ENTRADA ADICIONADOS (KOHA)
Fonte de classificação ou esquema de arquivamento Classificação decimal de Dewey
Ocultar no OPAC Não
Tipo de material Koha Livros
Holdings
Situação do descarte Situação das perdas Fonte de classificação ou esquema de arquivamento Materiais especificados (volume encadernado ou outra parte) Status danificado Não pode ser emprestado Coleção Biblioteca de origem Biblioteca atual Localização na estante Data de aquisição Fonte de aquisição Total de empréstimos Número de chamada completo Código de barras Data de último acesso Data do preço efetivo Tipo de material Koha
    Classificação decimal de Dewey vol. 02     Ficção Biblioteca Professor Eduardo Afonso de Castro Biblioteca Professor Eduardo Afonso de Castro Literatura Estrangeira 05.06.1998 doação   823 / F667p 2025-10996 06.02.2025 06.02.2025 Livros

Powered by Koha